El misterio de la guía de ferrocarriles /

Guardado en:
Autor Principal: Christie, Agatha
Otros Autores: Mallorquí Figuerola, J., trad.
Formato: Libro
Publicado: Barcelona : Molino, 1959
Series:Biblioteca Oro; No. 144
Materias:
Etiquetas: Agregar Etiqueta
Sin Etiquetas, Sea el primero en etiquetar este registro!
LEADER 00709nam a22002295a 4500
001 CEM.cems012383
005 20140422100827.0
008 130507s1959##################000#0#####d
003 CEMS
082 0 4 |a 823.9 
100 1 |a Christie, Agatha 
245 1 0 |a El misterio de la guía de ferrocarriles /  |c Agatha Christie ; traducido Por J. Mallorquí Figuerola 
260 |a Barcelona :  |b Molino,  |c 1959 
300 |a 224 p. 
490 0 |a Biblioteca Oro; No. 144 
653 |a Literatura 
653 |a Literatura inglesa 
653 |a Novelas 
653 |a Novelas inglesas 
653 |a Novelas policiales 
700 1 |a Mallorquí Figuerola, J., trad. 
859 |a CEMS  |b BIB. CEMS - 11 de abril  |h 823.9  |i Ch984-3  |p 23678.07  |t Ej.1